| 000 -LEADER |
| fixed length control field |
00714nam a22001577a 4500 |
| 003 - CONTROL NUMBER IDENTIFIER |
| control field |
OSt |
| 005 - DATE AND TIME OF LATEST TRANSACTION |
| control field |
20150921134308.0 |
| 008 - FIXED-LENGTH DATA ELEMENTS--GENERAL INFORMATION |
| fixed length control field |
150921b xxu||||| |||| 00| 0 eng d |
| 040 ## - CATALOGING SOURCE |
| Transcribing agency |
RUA |
| 082 ## - DEWEY DECIMAL CLASSIFICATION NUMBER |
| Classification number |
AGR LIM 2008 B035 Or.1 |
| 100 ## - MAIN ENTRY--PERSONAL NAME |
| 9 (RLIN) |
1009 |
| Personal name |
LIM SOPHORNTHIDA |
| 245 ## - TITLE STATEMENT |
| Title |
USING ORGANIC FERTILIZER ON BUNCHING ONION AT CROP STATION OF ROYAL UNIVERSITY OF AGRICULTURE,(ការប្រើប្រាស់ជីធម្មជាតិលើដំណាំខ្ទឹមស្លឹក នៅស្ថានីយ៍ដំណាំនៃសាកលវិទ្យាល័យភូមិន្ទកសិកម្ម) |
| 260 ## - PUBLICATION, DISTRIBUTION, ETC. (IMPRINT) |
| Place of publication, distribution, etc. |
phnom penh |
| Name of publisher, distributor, etc. |
RUA |
| Date of publication, distribution, etc. |
2008 |
| 300 ## - PHYSICAL DESCRIPTION |
| Extent |
x,52p. |
| Dimensions |
ill. |
| Size of unit |
29cm. |
| 942 ## - ADDED ENTRY ELEMENTS (KOHA) |
| Source of classification or shelving scheme |
|
| Koha item type |
AGR |